00580nam a22001697a 450000500170000001000150001702000260003203500140005803700130007208200160008510000200010124500970012126000390021827000830025730000300034050000400037020170814143841.0 aENG-119766 c650.00a9788190892391 aEN-103298 bDBAD/PUB a333.7095475 aPhukan,Digvijoy aOur rann, your sanctuary :cby Digvijoy PhukanbAgarias of little rann of kachchh Gurjarat / aNew DelhibAlterNotes Press c2016 bNew Delhia161/55, Hasrat Mohani Lane, Ghafoor Nagar Road Jamia Nagar,e110025 ax,164p. :c22cm(Hb)bill. aIncludes bibligraphical references